Proyecto para el establecimiento de un relleno sanitario tipo C, en el municipio de Santa María Colotepec, Oaxaca / (Record no. 217906)
[ view plain ]
| 000 -CABECERA | |
|---|---|
| campo de control de longitud fija | 03080nam a22003017a 4500 |
| 003 - IDENTIFICADOR DEL NÚMERO DE CONTROL | |
| campo de control | OSt |
| 005 - FECHA Y HORA DE LA ÚLTIMA TRANSACCIÓN | |
| campo de control | 20251202134041.0 |
| 007 - CAMPO FIJO DE DESCRIPCIÓN FÍSICA--INFORMACIÓN GENERAL | |
| campo de control de longitud fija | cr ||||||a|c|a |
| 008 - DATOS DE LONGITUD FIJA--INFORMACIÓN GENERAL | |
| campo de control de longitud fija | 221201s2021 mx a|||fom||| 001 0 spa d |
| 040 ## - FUENTE DE LA CATALOGACIÓN | |
| Normas de descripción | rda |
| 100 ## - ENTRADA PRINCIPAL--NOMBRE DE PERSONA | |
| 9 (RLIN) | 185766 |
| Nombre de persona | Ramírez Baños, Cecilia |
| 245 1# - MENCIÓN DE TÍTULO | |
| Título | Proyecto para el establecimiento de un relleno sanitario tipo C, en el municipio de Santa María Colotepec, Oaxaca / |
| Mención de responsabilidad, etc. | por Cecilia Ramírez Baños, director de tesis Francisco Razo López. |
| 264 #1 - PRODUCCIÓN, PUBLICACIÓN, DISTRIBUCIÓN, FABRICACIÓN Y COPYRIGHT | |
| Producción, publicación, distribución, fabricación y copyright | Chapingo, México : |
| Nombre del de productor, editor, distribuidor, fabricante | El autor, |
| Fecha de producción, publicación, distribución, fabricación o copyright | 2021. |
| 300 ## - DESCRIPCIÓN FÍSICA | |
| Extensión | 1 recurso en línea (158 páginas). |
| Otras características físicas | cuadros, figuras. |
| 336 ## - TIPO DE CONTENIDO | |
| Fuente | rdacontent |
| Término de tipo de contenido | texto |
| Código de tipo de contenido | txt |
| 337 ## - TIPO DE MEDIO | |
| Fuente | rdamedia |
| Nombre/término del tipo de medio | computadora |
| Código del tipo de medio | c |
| 338 ## - TIPO DE SOPORTE | |
| Fuente | rdacarrier |
| Nombre/término del tipo de soporte | recurso en línea |
| Código del tipo de soporte | cr |
| 502 ## - NOTA DE TESIS | |
| Tipo de título | Ingeniería en Recursos Naturales Renovables |
| Nombre de la institución que otorga el título | Departamento de Enseñanza, Investigación y Servicio en Suelos, |
| Año de obtención del título | 2021. |
| Información miscelánea | Licenciatura |
| 504 ## - NOTA DE BIBLIOGRAFÍA, ETC. | |
| Nota de bibliografía, etc. | Incluye referencias bibliográficas: páginas 131-136. |
| 520 ## - SUMARIO, ETC. | |
| Sumario, etc. | Se elaboró un proyecto para el establecimiento del relleno sanitario en el municipio de Santa María Colotepec, Oaxaca. Para la realización de este trabajo, se toma como base el crecimiento poblacional del municipio de estudio, el cual se determinó mediante la Tasa de crecimiento geométrico simplificado de Albino-Bocaz y la metodología descrita por Razo (2017). Para determinar la cantidad de residuos sólidos urbanos (RSU) generados por los habitantes del municipio de estudio, se consideraron los conceptos de los residuos sólidos per cápita y la cuenta de flujos físicos. Datos de la Secretaria de Medio Ambiente y Recursos Naturales (SEMARNAT), y el Instituto Nacional de Estadística y Geografía (INEGI) complementaron el estudio. La composición de RSU se obtuvo con los datos proporcionados por la SEMARNAT en el Informe del Medio Ambiente del año 2017. Se determinó la ubicación del relleno sanitario considerando lo descrito en la Norma Oficial Mexicana NOM-083-SEMARNAT-2003. Para ello se usó herramientas de información geográfica y la metodología descrita por Alcocer y Bass (2018). La generación de lixiviados se calculó por el método suizo, mientras el cálculo de la generación de biogás se efectúo utilizando el Modelo Mexicano de Biogás V. 2. 0. Se diseñó el plano de las instalaciones y obras auxiliares que exige la Norma Oficial Mexicana NOM-083-SEMARNAT-2003 para el establecimiento de un sitio de disposición final. La información anterior facilitó la ingeniería del proyecto, la organización de la empresa y la evaluación financiera de este. Finalmente se muestran los datos de viabilidad económica del proyecto, los posibles sitios para su establecimiento y sugerencias para la administración y manejo del relleno sanitario durante su vida útil. |
| 650 #4 - PUNTO DE ACCESO ADICIONAL DE MATERIA--TÉRMINO DE MATERIA | |
| 9 (RLIN) | 133828 |
| Término de materia o nombre geográfico como elemento de entrada | Rellenos sanitarios |
| Subdivisión general | Diseño y construcción |
| 650 #4 - PUNTO DE ACCESO ADICIONAL DE MATERIA--TÉRMINO DE MATERIA | |
| 9 (RLIN) | 132274 |
| Término de materia o nombre geográfico como elemento de entrada | Residuos sólidos |
| Subdivisión general | Control |
| 650 #4 - PUNTO DE ACCESO ADICIONAL DE MATERIA--TÉRMINO DE MATERIA | |
| 9 (RLIN) | 74106 |
| Término de materia o nombre geográfico como elemento de entrada | Medio ambiente |
| Subdivisión general | Protección |
| 650 #4 - PUNTO DE ACCESO ADICIONAL DE MATERIA--TÉRMINO DE MATERIA | |
| 9 (RLIN) | 10760 |
| Término de materia o nombre geográfico como elemento de entrada | Basura |
| Subdivisión general | Reciclaje |
| 700 1# - PUNTO DE ACCESO ADICIONAL--NOMBRE DE PERSONA | |
| 9 (RLIN) | 94892 |
| Nombre de persona | Razo López, Francisco |
| Término indicativo de función/relación | Director de tesis. |
| 856 ## - LOCALIZACIÓN Y ACCESO ELECTRÓNICOS | |
| Identificador Uniforme del Recurso | http://10.13.5.2/tesis/tl/2021_SU_Ramirez_Banos_Cecilia.pdf |
| Nota pública | DESCARGAR PDF |
| 942 ## - ELEMENTOS DE PUNTO DE ACCESO ADICIONAL (KOHA) | |
| Fuente del sistema de clasificación o colocación | Clasificación Universidad Autónoma Chapingo |
| Tipo de ítem Koha | Tesis digital |
| Estado de retiro | Estado de pérdida | Fuente del sistema de clasificación o colocación | Estado dañado | Restricciones de uso | No para préstamo | Código de colección | Localización permanente | Ubicación/localización actual | Ubicación en estantería | Fecha de adquisición | Total de préstamos | Signatura topográfica completa | Fecha visto por última vez | Precio válido a partir de | Tipo de ítem Koha |
|---|---|---|---|---|---|---|---|---|---|---|---|---|---|---|---|
| Clasificación Universidad Autónoma de Chapingo | Préstamo interno | Tesis digitales de Licenciatura | Biblioteca Digital | Biblioteca Digital | En línea | 27/01/2023 | Tesis digital | 27/01/2023 | 27/01/2023 | Tesis digital |
